000 00652pam a2200241 a 4500
001 496759
003 GBCCL
005 20241126110346.0
008 850201s1985 lau 000 0 eng
010 _a 85003428
020 _a0882894609 :
_c$12.95
040 _aDLC
_cDLC
_dDLC
050 0 0 _aBJ1611.2
_b.Z54 1985
082 0 0 _a158.1
_219
_bZIG
100 1 _aZiglar, Zig.
_9149
245 1 0 _aSteps to the top /
_cZig Ziglar.
260 _aGretna :
_bPelican Pub. Co.,
_c1985.
300 _a239 p. ;
_c24 cm.
650 0 _aSuccess.
_91179
650 0 _aConduct of life.
_9524
906 _a7
_bcbc
_corignew
_d1
_eocip
_f19
_gy-gencatlg
942 _2ddc
_cBK
_01
999 _c808
_d808